[Event "30th 4NCL Congress"]
[Site "Daventry"]
[Date "2023.06.18"]
[Round "5"]
[Board "9"]
[White "Towers, Nigel S"]
[Black "Potter, Steven"]
[Result "0-1"]
[WhiteElo "1818"]
[BlackElo "1902"]
[PlyCount "100"]
[EventDate "2023.06.16"]
[EventRounds "5"]
[EventCountry "ENG"]

1. e4 e6 2. d4 b6 3. Nf3 Bb7 4. Bd3 c5 5. c3 Nf6 6. Qe2 Be7 7. O-O Nc6 8. Nbd2 cxd4
9. cxd4 Nb4 10. Bb1 Ba6 11. Qd1 Bxf1 12. Kxf1 Qc8 13. a3 Qa6+ 14. Kg1 Rc8 15. Nb3
Nc6 16. Bd3 Qa4 17. Bc2 Na5 18. Nc5 Qc6 19. Ba4 b5 20. Bb3 Bxc5 21. dxc5 Nxb3 22.
Qxb3 Nxe4 23. Be3 O-O 24. Nd4 Qb7 25. Qxb5 Qxb5 26. Nxb5 a6 27. Nd6 Nxd6 28. cxd6
Rc6 29. b4 Rc3 30. Kf1 f5 31. Ke2 Rfc8 32. Bc5 R3xc5 33. bxc5 Rxc5 34. Rb1 Rd5 35.
Rb6 a5 36. Ra6 e5 37. a4 Kf7 38. Ke3 g5 39. g4 f4+ 40. Ke4 Ke6 41. Kf3 Rc5 42. h3
Kd5 43. Ke2 e4 44. Kd2 Kd4 45. Ra7 e3+ 46. fxe3+ fxe3+ 47. Ke2 Rc2+ 48. Kf3 Rf2+
49. Kg3 Rf7 50. Rb7 e2  0-1

[Event "30th 4NCL Congress"]
[Site "Daventry"]
[Date "2023.06.18"]
[Round "5"]
[Board "10"]
[White "Sheikh, Nasarullah"]
[Black "Holmes, Matthew A"]
[Result "1/2-1/2"]
[WhiteElo "1869"]
[BlackElo "1845"]
[PlyCount "124"]
[EventDate "2023.06.16"]
[EventRounds "5"]
[EventCountry "ENG"]

1. e4 e6 2. Nf3 d5 3. e5 c5 4. b4 c4 5. c3 a5 6. b5 a4 7. d3 cxd3 8. Bxd3 Nd7 9.
O-O Nc5 10. Bc2 Ne7 11. Qe2 b6 12. Rd1 Qc7 13. Na3 Bb7 14. Bb2 g6 15. Nd4 Bg7 16.
f4 h5 17. Rf1 Kf8 18. Rad1 Rd8 19. Bb1 Qb8 20. Nac2 Qa8 21. Ba3 Rc8 22. Bb4 Kg8 23.
Ne1 Nf5 24. Nxf5 gxf5 25. Nf3 Ne4 26. Bxe4 dxe4 27. Ng5 Bd5 28. Qe3 Qb7 29. Rf2 h4
30. Rc2 Rc4 31. Rcd2 f6 32. exf6 Bxf6 33. Nh3 Qc7 34. Rc1 Rxb4 35. Rxd5 Rc4 36. Rdd1
Bxc3 37. Kh1 Qc5 38. Qxc5 Rxc5 39. Ng5 Bf6 40. Rxc5 bxc5 41. b6 Bxg5 42. fxg5 Kf7
43. Rd7+ Kg6 44. Re7 Rb8 45. Rxe6+ Kxg5 46. Kg1 Kf4 47. Kf2 c4 48. Ke2 c3 49. Rc6
Ke5 50. g3 hxg3 51. hxg3 Kd5 52. Rf6 Ke5 53. Rc6 f4 54. gxf4+ Kxf4 55. Rf6+ Ke5 56.
Rc6 Kd5 57. Rg6 Kc5 58. Re6 Rxb6 59. Rxe4 Rb2+ 60. Kd3 c2 61. Rc4+ Kb5 62. Rxc2 Rxc2
 1/2-1/2

[Event "30th 4NCL Congress"]
[Site "Daventry"]
[Date "2023.06.18"]
[Round "5"]
[Board "11"]
[White "Bowman, Richard L"]
[Black "Smith, Andrew PE"]
[Result "1/2-1/2"]
[WhiteElo "1850"]
[BlackElo "1765"]
[PlyCount "31"]
[EventDate "2023.06.16"]
[EventRounds "5"]
[EventCountry "ENG"]

1. d4 Nf6 2. Nf3 d5 3. e3 Bf5 4. Bd3 Bxd3 5. Qxd3 c6 6. c4 e6 7. Nc3 Bd6 8. O-O Nbd7
9. e4 dxe4 10. Nxe4 Nxe4 11. Qxe4 Nf6 12. Qc2 h6 13. b3 Qe7 14. Bb2 Ba3 15. Bc3 Bb4
16. Bb2  1/2-1/2

[Event "30th 4NCL Congress"]
[Site "Daventry"]
[Date "2023.06.18"]
[Round "5"]
[Board "12"]
[White "Pyun, Lindsay"]
[Black "Mehta, Sophie"]
[Result "1-0"]
[WhiteElo "1808"]
[BlackElo "1464"]
[PlyCount "75"]
[EventDate "2023.06.16"]
[EventRounds "5"]
[EventCountry "ENG"]

1. e4 c5 2. Nf3 d6 3. d4 cxd4 4. Nxd4 Nf6 5. Nc3 g6 6. Be3 Bg7 7. f3 O-O 8. Qd2 Nc6
9. O-O-O Bd7 10. g4 h5 11. h3 a6 12. Nd5 h4 13. Qf2 Nxd5 14. exd5 Nxd4 15. Bxd4 g5
16. Bxg7 Kxg7 17. Qd4+ f6 18. f4 Kh6 19. Bd3 Be8 20. Qe4 Rh8 21. Rde1 Rc8 22. fxg5+
fxg5 23. Qxe7 Qxe7 24. Rxe7 b5 25. Rf1 Bg6 26. Rf6 Rhg8 27. Ree6 Rcf8 28. Rxg6+ Rxg6
29. Rxg6+ Kh7 30. Rf6+ Kg7 31. Rxf8 Kxf8 32. Kd2 Ke7 33. Ke3 Kf6 34. Ke4 Kg6 35.
a4 bxa4 36. Bxa6 a3 37. bxa3 Kf6 38. Bb5  1-0

[Event "30th 4NCL Congress"]
[Site "Daventry"]
[Date "2023.06.18"]
[Round "5"]
[Board "13"]
[White "Vaidyanathan, Sathya"]
[Black "O'Gorman, Brendan"]
[Result "1/2-1/2"]
[WhiteElo "1635"]
[BlackElo "1803"]
[PlyCount "51"]
[EventDate "2023.06.16"]
[EventRounds "5"]
[EventCountry "ENG"]

1. b4 d5 2. Bb2 Nf6 3. e3 Bg4 4. Be2 Bxe2 5. Nxe2 e6 6. a3 Nbd7 7. d4 Bd6 8. Nd2
O-O 9. O-O c6 10. c4 Re8 11. h3 e5 12. c5 Bc7 13. Qc2 e4 14. Rfe1 Nf8 15. Nf1 Ng6
16. Nfg3 Qd7 17. Bc3 h5 18. Reb1 h4 19. Nf1 Nh7 20. Nh2 f5 21. Bd2 Rf8 22. Nf4 Nxf4
23. exf4 Nf6 24. Qd1 Qf7 25. b5 Qh5 26. bxc6  1/2-1/2

[Event "30th 4NCL Congress"]
[Site "Daventry"]
[Date "2023.06.18"]
[Round "5"]
[Board "15"]
[White "Collins, Nigel"]
[Black "Drukarczyk, Kacper"]
[Result "1-0"]
[WhiteElo "1516"]
[BlackElo "1618"]
[PlyCount "89"]
[EventDate "2023.06.16"]
[EventRounds "5"]
[EventCountry "ENG"]

1. c4 e5 2. Nc3 d6 3. g3 g6 4. Bg2 Nc6 5. e4 Bg7 6. Nge2 Be6 7. d3 Nge7 8. O-O O-O
9. f4 Qd7 10. Nd5 Rac8 11. Rb1 Bh3 12. b4 Bxg2 13. Kxg2 Nxd5 14. cxd5 Ne7 15. b5
h5 16. h4 c6 17. bxc6 bxc6 18. dxc6 Qxc6 19. Kh2 Rc7 20. Be3 Qc2 21. Rc1 Qxd1 22.
Rfxd1 Rfc8 23. Rxc7 Rxc7 24. Rc1 Rb7 25. Rc2 Kf8 26. Nc1 exf4 27. gxf4 Ke8 28. Nb3
Kd7 29. e5 Nd5 30. Bd2 Nb4 31. Bxb4 Rxb4 32. d4 dxe5 33. fxe5 Bf8 34. Kg3 Rb6 35.
Kh3 f6 36. Rf2 Be7 37. Nc5+ Bxc5 38. dxc5 Re6 39. exf6 Ke8 40. Kg3 Kf7 41. Rf4 Ra6
42. a4 Ra5 43. Rc4 Ra6 44. c6 Kxf6 45. c7  1-0

[Event "30th 4NCL Congress"]
[Site "Daventry"]
[Date "2023.06.16"]
[Round "1"]
[Board "1"]
[White "Gibson, Stephen"]
[Black "McKay, Mark"]
[Result "0-1"]
[WhiteElo "1499"]
[BlackElo "1671"]
[PlyCount "54"]
[EventDate "2023.06.16"]
[EventRounds "5"]
[EventCountry "ENG"]

1. e4 d6 2. d4 Nf6 3. Nc3 g6 4. f4 Bg7 5. Nf3 O-O 6. Bd3 Nc6 7. e5 dxe5 8. dxe5 Nd5
9. Nxd5 Qxd5 10. Qe2 Bg4 11. Be4 Qd7 12. Be3 Rad8 13. O-O Nd4 14. Bxd4 Bxf3 15. Qxf3
Qxd4+ 16. Kh1 c6 17. c3 Qb6 18. Qf2 Qxf2 19. Rxf2 Rd7 20. Kg1 Rfd8 21. Re1 e6 22.
Bf3 Bf8 23. Kh1 Bc5 24. Rff1 Rd2 25. Rd1 Bb6 26. Rfe1 Rxb2 27. Rf1 Rbd2  0-1

[Event "30th 4NCL Congress"]
[Site "Daventry"]
[Date "2023.06.16"]
[Round "1"]
[Board "2"]
[White "Maher, Mike P"]
[Black "Ashworth, Steven M"]
[Result "1-0"]
[WhiteElo "1660"]
[BlackElo "1494"]
[PlyCount "59"]
[EventDate "2023.06.16"]
[EventRounds "5"]
[EventCountry "ENG"]

1. d4 Nf6 2. c4 Nc6 3. Nc3 e5 4. d5 Ne7 5. e4 Ng6 6. Be3 Bb4 7. Bd3 Bxc3+ 8. bxc3
O-O 9. h4 d6 10. h5 Nf4 11. Bxf4 exf4 12. f3 Ne8 13. Qd2 f5 14. O-O-O fxe4 15. fxe4
c6 16. e5 cxd5 17. exd6 Qxd6 18. cxd5 Bf5 19. Bxf5 Rxf5 20. Nf3 Nf6 21. c4 Rc8 22.
Qc3 Ne4 23. Qd3 Nf2 24. Qxf5 Rxc4+ 25. Kd2 Nxh1 26. Qe6+ Qxe6 27. dxe6 Ng3 28. e7
Kf7 29. Ne5+ Kxe7 30. Nxc4  1-0

[Event "30th 4NCL Congress"]
[Site "Daventry"]
[Date "2023.06.16"]
[Round "1"]
[Board "3"]
[White "Finnegan, Dale"]
[Black "Sloan, Cecil"]
[Result "0-1"]
[WhiteElo "1474"]
[BlackElo "1657"]
[PlyCount "54"]
[EventDate "2023.06.16"]
[EventRounds "5"]
[EventCountry "ENG"]

1. e4 c5 2. b3 Nc6 3. Bb2 d6 4. Bb5 Nf6 5. Nc3 g6 6. d3 Bg7 7. Nge2 O-O 8. Bxc6 bxc6
9. O-O Bb7 10. f4 Ng4 11. Qd2 e6 12. h3 Nf6 13. Ng3 Nd7 14. Rab1 Qh4 15. Qf2 Bd4
16. Qxd4 cxd4 17. Nce2 c5 18. c3 dxc3 19. Bxc3 d5 20. f5 dxe4 21. dxe4 e5 22. Rbd1
Qe7 23. fxg6 fxg6 24. h4 Rxf1+ 25. Rxf1 Rf8 26. Rd1 Nf6 27. h5 Nxe4  0-1

[Event "30th 4NCL Congress"]
[Site "Daventry"]
[Date "2023.06.16"]
[Round "1"]
[Board "4"]
[White "Blower, Trevor R"]
[Black "Page, Michael"]
[Result "1-0"]
[WhiteElo "1651"]
[BlackElo "1456"]
[PlyCount "141"]
[EventDate "2023.06.16"]
[EventRounds "5"]
[EventCountry "ENG"]

1. f4 d5 2. Nf3 c5 3. g3 Nc6 4. c3 Nf6 5. Bg2 Bf5 6. d3 e6 7. O-O Bd6 8. Qc2 O-O
9. Be3 c4 10. Nbd2 cxd3 11. exd3 Re8 12. Nh4 Ng4 13. Nxf5 exf5 14. Bf2 Nxf2 15. Rxf2
Bc5 16. d4 Nxd4 17. cxd4 Bxd4 18. Nf3 Bxf2+ 19. Qxf2 Qb6 20. Nd4 Rad8 21. Rd1 g6
22. Rd3 a6 23. Qd2 Re7 24. Kh1 Rde8 25. Bxd5 Re1+ 26. Kg2 Qd6 27. Bf3 Qe7 28. Kf2
Qc5 29. Rc3 Qe7 30. Bd1 Qd6 31. Rd3 Qc5 32. b4 Qb6 33. Kg2 h6 34. Nf3 R1e3 35. Ne5
Rxd3 36. Qxd3 Rd8 37. Qb3 Qc7 38. Nxg6 Qc6+ 39. Bf3 Qxg6 40. Qc3 Qg7 41. Qc2 Qd4
42. Qxf5 Qd2+ 43. Kh3 Qd7 44. Qxd7 Rxd7 45. Kg4 b6 46. h4 Rd2 47. a4 Ra2 48. Bc6
a5 49. bxa5 bxa5 50. Kf5 Kg7 51. g4 Rc2 52. Bb5 Rc5+ 53. Ke4 Kf6 54. Kd4 Rc1 55.
g5+ Kg6 56. f5+ Kh5 57. Be2+ Kxh4 58. gxh6 Rc8 59. Bc4 f6 60. h7 Rh8 61. Bg8 Kg5
62. Kc5 Kxf5 63. Kb5 Ke5 64. Kxa5 f5 65. Kb4 f4 66. Kc3 Ke4 67. Kd2 f3 68. a5 Kf4
69. Ke1 Ke3 70. a6 f2+ 71. Kf1  1-0

[Event "30th 4NCL Congress"]
[Site "Daventry"]
[Date "2023.06.16"]
[Round "1"]
[Board "5"]
[White "Wallman, James"]
[Black "Fisher, Neal"]
[Result "0-1"]
[WhiteElo "1456"]
[BlackElo "1647"]
[PlyCount "34"]
[EventDate "2023.06.16"]
[EventRounds "5"]
[EventCountry "ENG"]

1. e4 e5 2. Nf3 Nf6 3. d3 Bc5 4. Nxe5 Nc6 5. Nxc6 dxc6 6. h3 Qd4 7. Qe2 O-O 8. Nc3
Bb4 9. Bd2 Re8 10. O-O-O Be6 11. Kb1 Qb6 12. Ka1 Qa5 13. a3 Rad8 14. Kb1 Bxa3 15.
bxa3 Qxa3 16. Qe1 Rd4 17. Bc1 Rb4+  0-1

[Event "30th 4NCL Congress"]
[Site "Daventry"]
[Date "2023.06.16"]
[Round "1"]
[Board "6"]
[White "Pandya, Dhairya"]
[Black "Gandhi, Preesh"]
[Result "1-0"]
[WhiteElo "1646"]
[BlackElo "1432"]
[PlyCount "97"]
[EventDate "2023.06.16"]
[EventRounds "5"]
[EventCountry "ENG"]

1. e4 e5 2. Nf3 Nc6 3. c3 d6 4. d4 exd4 5. cxd4 Bg4 6. Be2 Nf6 7. Nc3 Be7 8. h3 Bh5
9. d5 Nb8 10. Qb3 Qc8 11. Bf4 Nbd7 12. Rc1 Nc5 13. Qc4 Nfd7 14. b4 Nb6 15. Qd4 Bf6
16. e5 dxe5 17. Bxe5 Ncd7 18. Bxf6 Nxf6 19. g4 Bg6 20. g5 Nh5 21. Nb5 O-O 22. Nxc7
Rb8 23. Qe3 Qd7 24. Ne5 Qf5 25. Bg4 Qf4 26. Qxf4 Nxf4 27. Nxg6 fxg6 28. O-O Nbxd5
29. Nxd5 Nxd5 30. Be6+ Kh8 31. Bxd5 Rf5 32. Bg2 Rxg5 33. Rc7 Rb5 34. Rfc1 h6 35.
Rc8+ Rxc8 36. Rxc8+ Kh7 37. a3 b6 38. Ra8 a5 39. bxa5 bxa5 40. a4 Rc5 41. f4 g5 42.
fxg5 Rxg5 43. Kf2 Rc5 44. Be4+ g6 45. Ra7+ Kg8 46. Bxg6 Rg5 47. Bd3 Rc5 48. Bb5 Rc3
49. Kg2  1-0

[Event "30th 4NCL Congress"]
[Site "Daventry"]
[Date "2023.06.16"]
[Round "1"]
[Board "7"]
[White "Wright, George A"]
[Black "Taylor, Andrew E"]
[Result "0-1"]
[WhiteElo "1413"]
[BlackElo "1623"]
[PlyCount "92"]
[EventDate "2023.06.16"]
[EventRounds "5"]
[EventCountry "ENG"]

1. d4 d5 2. c4 dxc4 3. Nc3 a6 4. Bf4 c6 5. e3 b5 6. Nf3 Nf6 7. Be2 e6 8. O-O Be7
9. Qc2 Bb7 10. Rad1 Qb6 11. Ne5 Nbd7 12. Bf3 Rd8 13. Nxd7 Rxd7 14. Ne2 Nd5 15. Bxd5
cxd5 16. Kh1 b4 17. Nc1 a5 18. b3 c3 19. Nd3 Ba6 20. Rfe1 O-O 21. Ne5 Rb7 22. f3
Rd8 23. Qf2 Bb5 24. Qg3 f5 25. h4 a4 26. h5 axb3 27. axb3 Be8 28. Bh6 Bf6 29. Bxg7
Rxg7 30. Qh3 h6 31. Rg1 Rg5 32. g4 Bxe5 33. f4 fxg4 34. Rxg4 Rxg4 35. Qxg4+ Bg7 36.
Rg1 Rd7 37. f5 exf5 38. Qxf5 Qd6 39. Qf3 Re7 40. Rg3 Re4 41. Kg2 Bb5 42. Qf5 Qe6
43. Qf2 Bd3 44. Qa2 Rg4 45. Qa8+ Kh7 46. Kf2 Rxg3  0-1

[Event "30th 4NCL Congress"]
[Site "Daventry"]
[Date "2023.06.16"]
[Round "1"]
[Board "8"]
[White "Steel, Martin J"]
[Black "Hylands, Keith A"]
[Result "1-0"]
[WhiteElo "1613"]
[BlackElo "1359"]
[PlyCount "67"]
[EventDate "2023.06.16"]
[EventRounds "5"]
[EventCountry "ENG"]

1. c4 Nf6 2. Nc3 Nc6 3. g3 g6 4. Bg2 Bg7 5. e4 d6 6. Nge2 e5 7. O-O O-O 8. d3 Bd7
9. h3 h6 10. Be3 Qc8 11. Kh2 Kh7 12. Rb1 a6 13. Qd2 Rb8 14. f4 Ng8 15. g4 f6 16.
f5 g5 17. h4 Nge7 18. hxg5 hxg5 19. Ng3 Rh8 20. Nh5 Be8 21. Nxg7 Kxg7+ 22. Kg3 Rh4
23. Bxg5 fxg5 24. Qxg5+ Ng6 25. fxg6 Rxg4+ 26. Qxg4 Qxg4+ 27. Kxg4 Bxg6 28. Nd5 Nd4
29. Nxc7 Rh8 30. Rh1 Rg8 31. Nd5 Ne6 32. b4 Kf7 33. Kf3 Nd4+ 34. Ke3  1-0

[Event "30th 4NCL Congress"]
[Site "Daventry"]
[Date "2023.06.16"]
[Round "1"]
[Board "9"]
[White "Pugaciauskas, Dominic"]
[Black "Jerome, Stellio"]
[Result "0-1"]
[WhiteElo "1343"]
[BlackElo "1608"]
[PlyCount "62"]
[EventDate "2023.06.16"]
[EventRounds "5"]
[EventCountry "ENG"]

1. d4 f5 2. c4 e6 3. Nf3 Nf6 4. Bf4 d6 5. e3 Be7 6. Nc3 b6 7. Be2 Bb7 8. O-O O-O
9. Rc1 Qe8 10. d5 e5 11. Bg3 Ne4 12. Nxe4 fxe4 13. Nd2 Qg6 14. Qc2 Bc8 15. Nxe4 Bf5
16. Bd3 Na6 17. a3 Rab8 18. Rfd1 Bxe4 19. Bxe4 Qh6 20. b4 Bh4 21. Bxh4 Qxh4 22. Bf3
Rf6 23. Qa4 Qg5 24. Kf1 Rbf8 25. Qxa6 e4 26. Bxe4 Rxf2+ 27. Kg1 Qxe3 28. Kh1 Qxc1
29. h3 Qxd1+ 30. Kh2 Qe2 31. Bf3 R2xf3  0-1

[Event "30th 4NCL Congress"]
[Site "Daventry"]
[Date "2023.06.16"]
[Round "1"]
[Board "10"]
[White "Morris, Nigel W"]
[Black "Butler, Rene"]
[Result "1-0"]
[WhiteElo "1607"]
[BlackElo "1313"]
[PlyCount "62"]
[EventDate "2023.06.16"]
[EventRounds "5"]
[EventCountry "ENG"]

1. d4 d5 2. c4 e6 3. Nc3 c6 4. Nf3 Nf6 5. Qc2 Bb4 6. a3 Bxc3+ 7. Qxc3 O-O 8. Bf4
Nbd7 9. e3 h6 10. Bd3 Nh5 11. Bd6 Re8 12. O-O Nf8 13. c5 Ng6 14. Bxg6 fxg6 15. Ne5
Nf6 16. f3 b6 17. Nxc6 Qd7 18. Ne5 Qb5 19. Nxg6 Ba6 20. Ne5 Rac8 21. a4 Qe2 22. Rfe1
Ne4 23. fxe4 Qh5 24. b4 Be2 25. Qd2 Bg4 26. h3 Bxh3 27. gxh3 Qxh3 28. Qg2 Qh4 29.
exd5 bxc5 30. bxc5 Rb8 31. Bxb8 Rxb8  1-0

[Event "30th 4NCL Congress"]
[Site "Daventry"]
[Date "2023.06.16"]
[Round "1"]
[Board "11"]
[White "Kathuria, Khush"]
[Black "Amir, Zain"]
[Result "0-1"]
[WhiteElo "1297"]
[BlackElo "1597"]
[PlyCount "56"]
[EventDate "2023.06.16"]
[EventRounds "5"]
[EventCountry "ENG"]

1. e4 Nc6 2. Nf3 d6 3. d4 Nf6 4. Bd3 Bg4 5. c3 e6 6. Bf4 Be7 7. Nbd2 d5 8. O-O dxe4
9. Nxe4 Nd5 10. Bg3 f5 11. c4 fxe4 12. cxd5 exd5 13. Bxe4 dxe4 14. d5 Nb4 15. Qa4+
Bd7 16. Qb3 exf3 17. d6 cxd6 18. Rfe1 Nc6 19. Bxd6 Qb6 20. Qxf3 Rf8 21. Qh5+ g6 22.
Qxh7 Qxf2+ 23. Kh1 Qf6 24. Bxe7 Nxe7 25. h3 Qf7 26. Qh4 Bc6 27. Rxe7+ Qxe7 28. Re1
Rf1+  0-1

[Event "30th 4NCL Congress"]
[Site "Daventry"]
[Date "2023.06.16"]
[Round "1"]
[Board "12"]
[White "Gilbert, David J"]
[Black "Patel, Diah"]
[Result "1-0"]
[WhiteElo "1595"]
[BlackElo "1273"]
[PlyCount "49"]
[EventDate "2023.06.16"]
[EventRounds "5"]
[EventCountry "ENG"]

1. c4 e5 2. g3 Nc6 3. Bg2 d6 4. Nc3 Nf6 5. d3 g6 6. Nf3 Bg7 7. O-O O-O 8. Rb1 d5
9. cxd5 Nxd5 10. Nxd5 Qxd5 11. a3 h6 12. Be3 f5 13. Nd4 Qd7 14. Nxc6 bxc6 15. Qa4
Bb7 16. Qb3+ Kh7 17. Qxb7 f4 18. Bc5 Rfd8 19. Qxc6 Qg4 20. Bf3 Qh3 21. Be4 Qg4 22.
Be7 Re8 23. h3 Qxh3 24. Qxg6+ Kh8 25. Qh7#  1-0

[Event "30th 4NCL Congress"]
[Site "Daventry"]
[Date "2023.06.16"]
[Round "1"]
[Board "13"]
[White "Walker, Heather Enid"]
[Black "Shivakumar, Akshath"]
[Result "0-1"]
[WhiteElo "1250"]
[BlackElo "1591"]
[PlyCount "92"]
[EventDate "2023.06.16"]
[EventRounds "5"]
[EventCountry "ENG"]

1. Nf3 f5 2. d3 Nf6 3. Nc3 d6 4. g3 e5 5. Bg2 Be7 6. e3 Nc6 7. Bd2 O-O 8. O-O Be6
9. Re1 Qd7 10. Ng5 Kh8 11. Nxe6 Qxe6 12. f4 a6 13. a3 Rab8 14. b4 e4 15. dxe4 Nxe4
16. Nxe4 fxe4 17. Rc1 b5 18. Qe2 d5 19. Red1 Bf6 20. c3 Rbd8 21. Rc2 Qd6 22. Bc1
Qe7 23. Bb2 Na7 24. Rcd2 c6 25. h4 Nc8 26. a4 Nb6 27. Ba1 Nc4 28. Ra2 Ra8 29. Bh3
Qa7 30. Kf2 Qb6 31. a5 Qa7 32. Re1 g6 33. Qg4 Qg7 34. Rc2 Rf7 35. Qe6 Rc7 36. Ke2
Qe7 37. Qg4 c5 38. Rd1 cxb4 39. Rxd5 b3 40. Rc1 b2 41. Bxb2 Nxb2 42. h5 Rd8 43. Rxd8+
Qxd8 44. hxg6 Bxc3 45. g7+ Rxg7 46. Qd7 Rxd7  0-1

[Event "30th 4NCL Congress"]
[Site "Daventry"]
[Date "2023.06.16"]
[Round "1"]
[Board "14"]
[White "Bentley-Davies, Ross"]
[Black "Simmons, Michael W"]
[Result "1/2-1/2"]
[WhiteElo "1558"]
[BlackElo "1198"]
[PlyCount "73"]
[EventDate "2023.06.16"]
[EventRounds "5"]
[EventCountry "ENG"]

1. d4 Nf6 2. c4 d6 3. Nc3 g6 4. e4 Bg7 5. f4 Bg4 6. Qd3 O-O 7. h3 Bd7 8. Nf3 c5 9.
d5 Qa5 10. Bd2 Qb6 11. Rb1 Na6 12. a3 Rfe8 13. Be2 Nc7 14. e5 Nh5 15. Ng5 Bf5 16.
Nge4 dxe5 17. Bxh5 gxh5 18. Qf3 Qg6 19. Rc1 b6 20. Ng3 exf4 21. Qxf4 e5 22. Qf3 e4
23. Qe3 Bd4 24. Qg5 e3 25. Qxg6+ Bxg6 26. Nd1 exd2+ 27. Kxd2 h4 28. Ne2 Bh5 29. Nf4
Bxd1 30. Kxd1 Be3 31. Rf1 Bxc1 32. Kxc1 Re4 33. d6 Rxc4+ 34. Kb1 Nb5 35. d7 Rd8 36.
Nd5 Rxd7 37. Nf6+  1/2-1/2

[Event "30th 4NCL Congress"]
[Site "Daventry"]
[Date "2023.06.16"]
[Round "1"]
[Board "15"]
[White "Ramanathan, Vaidy"]
[Black "Joseph, Tomy"]
[Result "0-1"]
[WhiteElo "1187"]
[BlackElo "1550"]
[PlyCount "40"]
[EventDate "2023.06.16"]
[EventRounds "5"]
[EventCountry "ENG"]

1. d4 d5 2. c4 e6 3. Nf3 c5 4. cxd5 exd5 5. Nc3 Nc6 6. e3 Nf6 7. Be2 Be7 8. O-O O-O
9. Bb5 Bg4 10. Be2 Re8 11. Ne5 Bxe2 12. Nxe2 Qc7 13. f4 cxd4 14. exd4 Ne4 15. Nc3
Nxd4 16. Nxd5 Qc5 17. Ne3 f6 18. Nf3 Rad8 19. Nc2 Nxc2+ 20. Be3 Qxe3+  0-1

[Event "30th 4NCL Congress"]
[Site "Daventry"]
[Date "2023.06.16"]
[Round "1"]
[Board "16"]
[White "Loyden, Gary"]
[Black "Agarwal, Anay"]
[Result "1-0"]
[WhiteElo "1547"]
[BlackElo "1176"]
[PlyCount "189"]
[EventDate "2023.06.16"]
[EventRounds "5"]
[EventCountry "ENG"]

1. e4 d5 2. exd5 Qxd5 3. Nc3 Qa5 4. Nf3 Nf6 5. d4 Bf5 6. Bd2 c6 7. Bc4 e6 8. Ne4
Qd8 9. Nxf6+ Qxf6 10. Bc3 Qd8 11. Qe2 Be7 12. O-O-O O-O 13. h3 Nd7 14. g4 Bg6 15.
h4 h6 16. Bd3 Bxd3 17. Qxd3 Nb6 18. g5 h5 19. Ne5 Qd5 20. b3 Ba3+ 21. Kb1 c5 22.
dxc5 Qxd3 23. Nxd3 Nd5 24. Bb2 Bxb2 25. Kxb2 Rfc8 26. Rhe1 Rc7 27. f4 Rac8 28. f5
exf5 29. c4 Ne7 30. Nf4 Ng6 31. Nxg6 fxg6 32. b4 b6 33. Rd6 bxc5 34. b5 Kh7 35. Ree6
f4 36. Rd3 Rf7 37. Rf3 Rd8 38. Re4 Rdf8 39. Re5 Rc8 40. Re4 Rcf8 41. Re5 Rf5 42.
Re7 R8f7 43. Rxf7 Rxf7 44. a4 Kg8 45. a5 Kf8 46. Kc3 Ke7 47. Kd3 Ke6 48. Ke4 Rf5
49. Rd3 Re5+ 50. Kf3 Re1 51. Kxf4 Rc1 52. Rb3 Rxc4+ 53. Kg3 Rb4 54. Re3+ Kd5 55.
Re7 Rxb5 56. Rxa7 c4 57. a6 Kc6 58. Rxg7 Ra5 59. a7 Kb6 60. Rxg6+ Kxa7 61. Rc6 Ra3+
62. Kf2 c3 63. Ke2 Ra2+ 64. Kd1 Ra1+ 65. Kc2 Rg1 66. Rh6 Rg2+ 67. Kxc3 Rg3+ 68. Kd2
Rg2+ 69. Ke3 Rg3+ 70. Kf2 Ra3 71. Rxh5 Ra2+ 72. Kf3 Ra3+ 73. Kf4 Ra4+ 74. Kf5 Ra5+
75. Kg6 Ra6+ 76. Kh7 Kb8 77. g6 Ra7+ 78. Kh8 Kc7 79. g7 Ra8+ 80. g8=Q Rxg8+ 81. Kxg8
Kd6 82. Rf5 Ke6 83. Rf1 Ke5 84. h5 Ke4 85. h6 Ke3 86. h7 Ke2 87. Rf7 Ke3 88. h8=R
Ke4 89. Rh5 Kd4 90. Rf4+ Ke3 91. Ra4 Kf3 92. Rh3+ Kg2 93. Rb3 Kf2 94. Ra2+ Kf1 95.
Rb1#  1-0

[Event "30th 4NCL Congress"]
[Site "Daventry"]
[Date "2023.06.16"]
[Round "1"]
[Board "17"]
[White "Agarwal, Amaya"]
[Black "Kathuria, Dhruv"]
[Result "0-1"]
[WhiteElo "1066"]
[BlackElo "1545"]
[PlyCount "172"]
[EventDate "2023.06.16"]
[EventRounds "5"]
[EventCountry "ENG"]

1. e4 e5 2. Nf3 Nc6 3. d4 exd4 4. Bc4 Bc5 5. c3 dxc3 6. Bxf7+ Kxf7 7. Qd5+ Ke8 8.
Qh5+ Kf8 9. Qxc5+ Qe7 10. Qc4 cxb2 11. Bxb2 Qb4+ 12. Qxb4+ Nxb4 13. Ba3 c5 14. Nd4
a5 15. Bxb4 axb4 16. Nb5 b3 17. N1a3 d5 18. O-O-O bxa2 19. Kb2 d4 20. Kxa2 Be6+ 21.
Kb2 Rc8 22. Rc1 Nf6 23. f3 Ke7 24. Nc4 Bxc4 25. Rxc4 Rhd8 26. Rd1 Ke6 27. Rdc1 b6
28. Nxd4+ Ke5 29. f4+ Kxf4 30. Ne6+ Ke3 31. Nxd8 Rxd8 32. R4c3+ Kxe4 33. Re1+ Kf5
34. Rf3+ Kg6 35. Kc2 Kf7 36. g4 Rd5 37. h4 h6 38. Kc3 Kg6 39. Kc4 Rd4+ 40. Kb5 Rxg4
41. Kxb6 Rxh4 42. Kxc5 Rg4 43. Ref1 h5 44. Rh3 h4 45. Ra1 Ne4+ 46. Kd5 Ng5 47. Rh2
h3 48. Ra6+ Kf5 49. Ra7 g6 50. Ra8 Kf4 51. Ra4+ Kg3 52. Rxg4+ Kxg4 53. Kd6 Kg3 54.
Rh1 h2 55. Ke7 Nf3 56. Ke6 Kg2 57. Rb1 h1=Q 58. Rxh1 Kxh1 59. Kf6 g5 60. Kf5 Kg2
61. Kg4 Kf2 62. Kh3 Ne5 63. Kh2 g4 64. Kh1 Kg3 65. Kg1 Kh3 66. Kh1 Nd3 67. Kg1 Nc5
68. Kh1 Ne4 69. Kg1 Nf2 70. Kf1 Kh2 71. Kxf2 g3+ 72. Kf1 g2+ 73. Kf2 g1=Q+ 74. Kf3
Qe1 75. Kf4 Qe2 76. Kf5 Qe3 77. Kf6 Qe4 78. Kg5 Qf3 79. Kg6 Qf4 80. Kg7 Qf5 81. Kh6
Qg4 82. Kh7 Kg3 83. Kh6 Kf4 84. Kh7 Kf5 85. Kh8 Kf6 86. Kh7 Qg7#  0-1

[Event "30th 4NCL Congress"]
[Site "Daventry"]
[Date "2023.06.17"]
[Round "2"]
[Board "1"]
[White "McKay, Mark"]
[Black "Morris, Nigel W"]
[Result "1-0"]
[WhiteElo "1671"]
[BlackElo "1607"]
[PlyCount "75"]
[EventDate "2023.06.16"]
[EventRounds "5"]
[EventCountry "ENG"]

1. d4 g6 2. Nf3 Bg7 3. c4 Nf6 4. Nc3 c5 5. d5 d6 6. h3 O-O 7. e4 e6 8. Be2 exd5 9.
exd5 Na6 10. O-O Nc7 11. Bg5 h6 12. Be3 Bf5 13. g4 Bd7 14. Qd2 Kh7 15. a3 a5 16.
Rab1 Ng8 17. Bf4 Ne8 18. Rfe1 f5 19. g5 h5 20. b4 b6 21. b5 Ra7 22. Bd3 Rf7 23. Re2
Bc8 24. Rbe1 Rae7 25. Na4 Rxe2 26. Rxe2 Re7 27. Rxe7 Nxe7 28. Qe1 Bd7 29. Nxb6 Qxb6
30. Qxe7 Qc7 31. Nh4 Kg8 32. Nxg6 Kh7 33. Nh4 Qc8 34. Bxd6 Nxd6 35. Qxd6 Qe8 36.
Nxf5 Bxf5 37. Bxf5+ Kh8 38. Qe6  1-0

[Event "30th 4NCL Congress"]
[Site "Daventry"]
[Date "2023.06.17"]
[Round "2"]
[Board "2"]
[White "Amir, Zain"]
[Black "Maher, Mike P"]
[Result "1-0"]
[WhiteElo "1597"]
[BlackElo "1660"]
[PlyCount "97"]
[EventDate "2023.06.16"]
[EventRounds "5"]
[EventCountry "ENG"]

1. d4 e6 2. Bf4 f5 3. Nf3 Nf6 4. e3 d6 5. c4 Nc6 6. Nc3 Qe7 7. Be2 e5 8. Bg3 e4 9.
Nd2 g6 10. Nb3 b6 11. c5 bxc5 12. dxc5 Ne5 13. cxd6 Qxd6 14. Bb5+ Kf7 15. Qe2 Nh5
16. Bxe5 Qxe5 17. Rd1 Be6 18. Nd4 Bb4 19. O-O Bxc3 20. bxc3 Ng7 21. Nxe6 Nxe6 22.
Rd7+ Kf6 23. Qc4 Rad8 24. Rfd1 Rxd7 25. Rxd7 Rd8 26. Rxd8 Nxd8 27. Qd4 Ne6 28. f4
Qxd4 29. cxd4 g5 30. g3 h6 31. Kf2 Ke7 32. Ke2 Kd6 33. Kd2 c5 34. dxc5+ Kxc5 35.
Be8 Kb4 36. Bg6 Ng7 37. fxg5 hxg5 38. h4 gxh4 39. gxh4 Ka3 40. h5 Ne6 41. Bxf5 Ng5
42. Kc3 Kxa2 43. Kd4 a5 44. Bxe4 Nxe4 45. Kxe4 a4 46. h6 a3 47. h7 Kb1 48. h8=Q a2
49. Kd5  1-0